[Event "Dortmund op-A"]
[Site "Dortmund"]
[Date "2007.06.28"]
[Round "6"]
[White "Kolkin, Michail"]
[Black "Pilat, Daniel"]
[Result "1-0"]
[WhiteElo "2261"]
[BlackElo "2105"]
[PlyCount "156"]
[EventDate "2007.06.22"]
[EventType "swiss"]
[EventRounds "9"]
[EventCountry "GER"]
[SourceTitle "EXT 2008"]
[Source "ChessBase"]
[SourceDate "2007.11.25"]
[SourceVersion "1"]
[SourceVersionDate "2007.11.25"]
[SourceQuality "1"]

1. Nf3 d5 2. g3 Bg4 3. Bg2 Nd7 4. d4 e6 5. 0-0 Ngf6 6. Nbd2 Bd6 7. Re1 0-0 8. e4 dxe4 9. Nxe4 Nxe4 10. Rxe4 Bf5 11. Re1 c6 12. Nh4 Bg6 13. Nxg6 hxg6 14. h4 Nf6 15. c3 Qb6 16. Qb3 Nd5 17. Bd2 Rfd8 18. Rad1 Rd7 19. Bc1 Be7 20. Bf3 Rad8 21. Kg2 Nf6 22. Qc2 Qc7 23. a3 Bd6 24. Bg5 Be7 25. Rh1 e5 26. dxe5 Qxe5 27. Rhe1 Qc7 28. c4 Rxd1 29. Rxd1 Rxd1 30. Qxd1 Qd6 31. Qe2 Kf8 32. b4 b6 33. Bf4 Qd7 34. Qe5 Qc8 35. Qb8 Qxb8 36. Bxb8 c5 37. b5 Bd8 38. Bc6 Ne8 39. Be5 Bc7 40. Bc3 Nd6 41. Bd5 f6 42. f4 Ke7 43. g4 Bb8 44. Kf3 Bc7 45. a4 Bb8 46. Bd2 Bc7 47. Ke3 Bb8 48. a5 Bc7 49. axb6 axb6 50. Kd3 Kf8 51. Be6 Ke7 52. f5 Bb8 53. Ke3 Bc7 54. Kf3 Bb8 55. Bf4 Bc7 56. Bd5 gxf5 57. gxf5 Bd8 58. Be6 Bc7 59. h5 Ne8 60. h6 gxh6 61. Bxh6 Be5 62. Ke4 Nc7 63. Bg8 Bg3 64. Bd5 Be5 65. Bc6 Bg3 66. Be3 Bd6 67. Bf2 Kf7 68. Be1 Ke7 69. Bc3 Kf7 70. Kf3 Bh2 71. Kg4 Bd6 72. Kh5 Bf4 73. Be1 Bd6 74. Kh6 Bf4+ 75. Kh7 Bd6 76. Bd2 Be5 77. Bf3 Bd6 78. Kh6 Ke7 1-0